| 000 | 01177nam a22003617a 4500 | ||
|---|---|---|---|
| 001 | 000581 | ||
| 003 | DO-SdBPM | ||
| 005 | 20250808072357.0 | ||
| 007 | ta | ||
| 008 | 161020b1996 sp a||||| 00| 0 spa d | ||
| 020 | _a8421611143 | ||
| 040 |
_aDO-SdBPM _bspa _cBPMSU _erda |
||
| 082 | 4 |
_a828.9943 _bM478f 1996 _222 |
|
| 100 | 1 |
_aMcLean, Alan C. _eautor |
|
| 240 | 1 | 0 |
_aThe ghost of the glen. _lEspañol |
| 245 | 1 | 0 |
_aEl fantasma del valle / _cAlan C. McLean ; ilustración, Julián González ; taller de lectura, Antonio-Manuel Fabregat. |
| 250 | _a12ª ed. | ||
| 260 | _c | ||
| 264 |
_aMadrid : _bBruño, _c1996 |
||
| 300 |
_a153 páginas : _bilustraciones ; _c19 cm. |
||
| 336 |
_atexto _btxt _2rdacontent |
||
| 337 |
_asin mediación _bn _2rdamedia |
||
| 338 |
_avolumen _bnc _2rdacarrier |
||
| 490 | 0 |
_aAltamar, _v22 |
|
| 500 | _aIncluye datos biográficos del autor | ||
| 590 | _aInvetariado, 2025/VM | ||
| 650 | 7 | _a Cuentos juveniles escoceses | |
| 650 | 7 | _a Cuentos de fantasmas | |
| 700 | 1 |
_aFabregat, Antonio-Manuel, _d1936- |
|
| 700 | 1 |
_aGonzález, Julián, _dilustración |
|
| 910 | _aVMateo V. Control de calidad. BPMSU | ||
| 942 |
_2ddc _cBK |
||
| 999 |
_c11636 _d11636 |
||